| Tag |
First Indicator |
Second Indicator |
Subfields |
| LEADER |
00000pam a22000004a 4500 |
| 001 |
in00001741321 |
| 005 |
20151025051042.0 |
| 008 |
020822s2003 mau b 001 0 eng |
| 010 |
|
|
|a 2002031809
|
| 015 |
|
|
|a GBA3-Z5214
|
| 020 |
|
|
|a 0674010469 (alk. paper)
|
| 029 |
1 |
|
|a UKM
|b bA3Z5214
|
| 035 |
|
|
|a (OCoLC)ocm50516481
|
| 040 |
|
|
|a DLC
|c DLC
|d YDX
|d UKM
|d UtOrBLW
|
| 042 |
|
|
|a pcc
|
| 043 |
|
|
|a e-fr---
|
| 049 |
|
|
|a TXAM
|
| 050 |
0 |
0 |
|a HT690.F8
|b M39 2003
|
| 082 |
0 |
0 |
|a 305.5/5/0944
|2 21
|
| 100 |
1 |
|
|a Maza, Sarah C.,
|d 1953-
|
| 245 |
1 |
4 |
|a The myth of the French bourgeoisie :
|b an essay on the social imaginary, 1750-1850 /
|c Sarah Maza.
|
| 264 |
|
1 |
|a Cambridge, Mass. :
|b Harvard University Press,
|c 2003.
|
| 300 |
|
|
|a x, 255 pages ;
|c 25 cm.
|
| 336 |
|
|
|a text
|b txt
|2 rdacontent
|
| 337 |
|
|
|a unmediated
|b n
|2 rdamedia
|
| 338 |
|
|
|a volume
|b nc
|2 rdacarrier
|
| 504 |
|
|
|a Includes bibliographical references (pages [207]-243) and index.
|
| 650 |
|
0 |
|a Middle class
|z France
|x History
|y 18th century.
|
| 650 |
|
0 |
|a Middle class
|z France
|x History
|y 19th century.
|
| 945 |
|
|
|i PromptCat
|
| 948 |
|
|
|a cataloged
|b cmulkey
|c 2003/4/30
|d 10:15:39 am
|
| 994 |
|
|
|a 92
|b TXA
|
| 999 |
|
|
|a MARS
|
| 999 |
f |
f |
|s 87963de9-1f0f-3c21-a8c1-3ca2d2c390de
|i 3bd5bda0-392b-3e48-951e-1f201f43ac94
|t 0
|
| 952 |
f |
f |
|p normal
|a Texas A&M University
|b College Station
|c Sterling C. Evans Library
|d Evans: Library Stacks
|t 0
|e HT690.F8 M39 2003
|h Library of Congress classification
|i unmediated -- volume
|m A14830062908
|
| 998 |
f |
f |
|a HT690.F8 M39 2003
|t 0
|l Evans: Library Stacks
|